Поэзия Надежды Кудрявцевой; Томский политехник; Вып. 3

Detalles Bibliográficos
Parent link:Томский политехник: ежегодный журнал/ Томский политехнический университет (ТПУ), Ассоциация выпускников.— , 1995-
Вып. 3.— 1997.— [С. 88]
Autor Principal: Кудрявцева Н. Я. Надежда Яковлевна
Summary:Заглавие с титульного листа
Электронная версия печатной публикации
Idioma:ruso
Publicado: 1997
Series:Физики-лирики
Subjects:
Acceso en liña:Цветная версия без потери качества
Formato: MixedMaterials Electrónico Capítulo de libro
KOHA link:https://koha.lib.tpu.ru/cgi-bin/koha/opac-detail.pl?biblionumber=189246

MARC

LEADER 00000nla2a2200000 4500
001 189246
005 20231031175202.0
035 |a (RuTPU)RU\TPU\book\205643 
035 |a RU\TPU\book\205641 
090 |a 189246 
100 |a 20101222d1997 km y0rusy50 ca 
101 0 |a rus 
102 |a RU 
135 |a drnn ---uucaa 
181 0 |a i  
182 0 |a b 
200 1 |a Поэзия Надежды Кудрявцевой  |b Электронный ресурс  |f Н. Я. Кудрявцева 
203 |a Текст  |c электронный 
215 |a 1 файл (2.3 Мб) 
225 1 |a Физики-лирики 
230 |a Электронные текстовые данные (1 файл : 2.3 Мб) 
300 |a Заглавие с титульного листа 
300 |a Электронная версия печатной публикации 
337 |a Adobe Reader 
461 1 |0 (RuTPU)RU\TPU\book\202435  |t Томский политехник  |o ежегодный журнал  |f Томский политехнический университет (ТПУ), Ассоциация выпускников  |d 1995- 
463 1 |0 (RuTPU)RU\TPU\book\205097  |t Вып. 3  |v [С. 88]  |d 1997  |p 95 с. 
610 1 |a выпускники ТПУ 
610 1 |a поэзия 
610 1 |a стихи 
610 1 |a электронный ресурс 
700 1 |a Кудрявцева  |b Н. Я.  |g Надежда Яковлевна 
801 1 |a RU  |b 63413507  |c 20101101 
801 2 |a RU  |b 63413507  |c 20110121  |g RCR 
856 4 |u http://www.lib.tpu.ru/fulltext/v/Tomsk_polytechnic/1997/N3a35_full.pdf  |z Цветная версия без потери качества 
942 |c CF